Лексико семантичне поле спілкування в англійській мові (Запис № 283970)

МАРК-запис
000 -LEADER
fixed length control field 01253nam a22001577a 4500
041 ## - LANGUAGE CODE
Language code of text/sound track or separate title ukr
080 ## - UNIVERSAL DECIMAL CLASSIFICATION NUMBER
Universal Decimal Classification number 09
090 ## - LOCALLY ASSIGNED LC-TYPE CALL NUMBER (OCLC); LOCAL CALL NUMBER (OCLC)
Local cutter number (OCLC) ; Book number/undivided call number, CALL (RLIN) ЦТА
100 ## - MAIN ENTRY--PERSONAL NAME
Personal name Цимбалюк Т.А.
245 ## - TITLE STATEMENT
Title Лексико семантичне поле спілкування в англійській мові
260 ## - PUBLICATION, DISTRIBUTION, ETC. (IMPRINT)
Place of publication, distribution, etc Острог
Name of publisher, distributor, etc КАФ
Date of publication, distribution, etc 2007
300 ## - PHYSICAL DESCRIPTION
Extent 43
520 ## - SUMMARY, ETC.
Summary, etc ВСТУП.<br/>РОЗДІЛ 1. ЛЕКСИКО СЕМАНТИЧНИЙ АНАЛІЗ ХУДОЖНІХ ТЕКСТІВ.<br/>1.1. Поняття художнього тексту.<br/>1.2.Аналіз лексичних одиниць в художніх текстах.<br/>1.3. Класифікація слів за значенням.<br/>РОЗДІЛ 2. ЛЕКСИКО СЕМАНТИЧНІ ПОЛЯ ЯК ОБ’ЄКТ ЛІНГВІСТИЧНИХ ДОСЛІДЖЕНЬ.<br/>2.1. Поняття про лексико семантичні поля.<br/>2.2. Підходи до вивчення лексико семантичних полів.<br/>РОЗДІЛ 3. ЛЕКСИКО СЕМАНТИЧНЕ ПОЛЕ СПІЛКУВАННЯ НА ПРИКЛАДІ РОМАНУ ДЖЕКА ЛОНЛОНА "МАРТІН ІДЕН".<br/>ВИСНОВКИ.
-- Лексико семантичне поле
650 ## - SUBJECT ADDED ENTRY--TOPICAL TERM
Topical term or geographic name as entry element Research Papers
942 ## - ADDED ENTRY ELEMENTS (KOHA)
Koha item type Книги
Фонди
Withdrawn status Lost status Source of classification or shelving scheme Damaged status Not for loan Home library Current library Date acquired Source of acquisition Cost, normal purchase price Total Checkouts Full call number Barcode Date last seen Price effective from Koha item type
    Universal Decimal Classification     ВІЛ - Відділ іноземн. літератури НБ ВІЛ - Відділ іноземн. літератури НБ 16/04/2009 Акт №1 1.00   09 213285 15/12/2021 16/04/2009 Книги